[Event "IECG QD.2006.0.00092 email"]
[Site "IECG email"]
[Date "2006.07.20"]
[Round "?"]
[White "Holden, Macedo da Silva"]
[Black "James, Michael"]
[Result "1-0"]
[WhiteElo "1400"]
[BlackElo "1485"]
[PlyCount "51"]
[EventDate "2006.07.20"]
[EventType "tourn (corr)"]
[EventRounds "6"]
[SourceTitle "Corr 2011"]
[Source "ChessBase"]
[SourceDate "2010.08.31"]
[SourceVersion "1"]
[SourceVersionDate "2010.08.31"]
[SourceQuality "1"]

1. e4 c6 2. d4 d5 3. Nc3 dxe4 4. Nxe4 Nf6 5. Nxf6+ gxf6 6. Ne2 Bf5 7. Ng3 Bg6 8. h4 h5 9. c3 Nd7 10. Be2 Qa5 11. b4 Qc7 12. Nxh5 e5 13. Ng3 0-0-0 14. h5 Bh7 15. Qb3 Nb6 16. dxe5 Qxe5 17. Be3 Nd5 18. Bd4 Qg5 19. 0-0 Bd6 20. Bf3 Bxg3 21. fxg3 a6 22. c4 Nxb4 23. Bxf6 Qc5+ 24. Kh2 Rd3 25. Bg4+ Kb8 26. Qb2 1-0

[Event "IECG QD.2003.0.00050 email"]
[Site "IECG email"]
[Date "2003.10.30"]
[Round "?"]
[White "Holden, Macedo da Silva"]
[Black "Rattay, Walter"]
[Result "1-0"]
[WhiteElo "1400"]
[BlackElo "1471"]
[PlyCount "35"]
[EventDate "2003.10.30"]
[EventType "tourn (corr)"]
[EventRounds "6"]
[SourceTitle "Corr 2024"]
[Source "ChessBase"]
[SourceDate "2023.10.19"]
[SourceVersion "1"]
[SourceVersionDate "2023.10.19"]
[SourceQuality "1"]

1. e4 c5 2. Nf3 d6 3. g3 Nc6 4. Bg2 e5 5. 0-0 Nf6 6. d3 Be7 7. Nh4 Bg4 8. f3 Be6 9. f4 0-0 10. f5 Bc8 11. c4 a6 12. Nc3 Bd7 13. h3 Rb8 14. a4 Nb4 15. Be3 Nc6 16. Nf3 Nd4 17. Bd2 b5 18. axb5 1-0